000 00772nam a22002297a 4500
005 20170124110010.0
010 _aA-759175
020 _c00.00
_a8171008070
035 _aA-759175
037 _bCen Lib/Ret
040 _aDPL
_bEN
082 _a303.625
_bJAI
100 _aJain, Sharda
_916349
245 _aPolitics of terrorism in india :
_cby Sharda Jain
_bthe case of punjab /
260 _bDeepn & Deep Publictions
_aNew Delhi
_c1995
270 _bNew Delhi
_e110027
_aF-159, Rajouri garden
300 _axx, 330p.
_c21cm(Hb)
500 _aIncludes bibliographical references and index
650 _aPunjab (India) -- Politics and government.
_927117
650 _aTerrorism -- India -- Punjab.
_972947
942 _2ddc
_cEN
_h303.625
_mJAI
999 _c126441
_d126441